Library of the University of Algiers 3
Ibrahim Sultan Cheibout
شعار جامعة الجزائر 3
مكتبة جامعة الجزائر 3
إبراهيم سلطان شيبوط

العقود الدولية وخضوعها للقواعد الموضوعية / (رقم التسجيلة. 45248)

تفاصيل مارك
000 -LEADER
fixed length control field 01074nam a2200205Ia 4500
003 - CONTROL NUMBER IDENTIFIER
control field Ost
005 - DATE AND TIME OF LATEST TRANSACTION
control field 20260507075633.0
008 - FIXED-LENGTH DATA ELEMENTS--GENERAL INFORMATION
fixed length control field 260507s9999||||xx |||||||||||||| ||und||
040 ## - CATALOGING SOURCE
Transcribing agency fsecg
041 ## - LANGUAGE CODE
Language code of text/sound track or separate title ara
082 ## - DEWEY DECIMAL CLASSIFICATION NUMBER
Classification number 341.8
100 ## - MAIN ENTRY--PERSONAL NAME
Personal name خالد، هشام
Relator term مؤلف
245 #0 - TITLE STATEMENT
Title العقود الدولية وخضوعها للقواعد الموضوعية /
Statement of responsibility, etc. هشام خالد
260 ## - PUBLICATION, DISTRIBUTION, ETC.
Place of publication, distribution, etc. الإسكندرية:
Name of publisher, distributor, etc. دار الفكر الجامعي,
Date of publication, distribution, etc. 2001
300 ## - PHYSICAL DESCRIPTION
Extent 74 صفحة؛
Dimensions 24 سم
520 ## - SUMMARY, ETC.
Summary, etc. يتناول هذا الكتاب : نشأة القواعد الموضوعية في العصور القديمة ، مرحلة الحضارات القديمة ، القواعد الموضوعية في مرحلة الإمبراطورية الرومانية ، ماهية القواعد الموضوعية وعوامل ظهورها ، مصادر قواعد الموضوعية ، منهج القواعد الموضوعية
653 ## - INDEX TERM--UNCONTROLLED
Uncontrolled term القانون الدولي الخاص
653 ## - INDEX TERM--UNCONTROLLED
Uncontrolled term القانون الدولى-التاريخ
942 ## - ADDED ENTRY ELEMENTS (KOHA)
Koha item type كتب
المقتنيات
Withdrawn status Lost status Source of classification or shelving scheme Damaged status Not for loan Home library Current library Date acquired Serial enumeration / chronology Inventory number Total checkouts Full call number Barcode Date last seen Price effective from Koha item type
    Dewey Decimal Classification   NOT LOAN / إعارة داخلية مكتبة كلية العلوم الإقتصادية والعلوم التجارية وعلوم التسيير مكتبة كلية العلوم الإقتصادية والعلوم التجارية وعلوم التسيير 07/05/2026 الطابق الأرضي 781/1   أ/781ن1 781/1 07/05/2026 07/05/2026 كتب

موارد الويب المفتوحة


© University of Algiers 3 All Rights Reserved
|
Implemented by LECHELAH Riad